[Event "Jogo"]
[Site "http://www.queenalice.com/game.php?id=96536"]
[Date "2006.8.17"]
[Round "-"]
[White "fpferreira"]
[Black "tcorsi"]
[Result "0-1"]
[WhiteElo "1515"]
[BlackElo "1663"]

1. e4 d5 2. exd5 Qxd5 3. Nc3 Qa5 4. Bb5+ c6 5. Be2 Nf6 6. d4 Bf5 7. Bd2 Qc7 8.
Nf3 e6 9. O-O Bd6 10. Bg5 Ne4 11. Bd3 Nxg5 12. Bxf5 Nxf3+ 13. Qxf3 O-O 14. Bd3
Bxh2+ 15. Kh1 Bd6 16. Ne4 Nd7 17. Qh5 Bf4 18. c3 f5 19. Ng5 Bxg5 20. Qxg5 Rf6
21. g3 Re8 22. Rfe1 Qb6 23. Bc4 Qxb2 24. Rec1 Qxf2 25. Qh5 Rh6 26. Qxh6 gxh6 27.
Rg1 Qf3+ 28. Kh2 Qxc3 0-1

[Event "Jogo 2"]
[Site "http://www.queenalice.com/game.php?id=96538"]
[Date "2006.8.17"]
[Round "-"]
[White "tcorsi"]
[Black "fpferreira"]
[Result "0-1"]
[WhiteElo "1633"]
[BlackElo "1434"]

1. e4 e5 2. Nf3 Nc6 3. d4 exd4 4. Nxd4 d5 5. Nxc6 bxc6 6. e5 Qe7 7. Qe2 Bf5 8.
b3 Nh6 9. Bb2 Ng4 10. f3 Nh6 11. c4 dxc4 12. Qxc4 Qc5 13. Bd4 Qxc4 14. Bxc4 Bb4+
15. Bc3 Bxc3+ 16. Nxc3 O-O 17. O-O Rfe8 18. Rfe1 Be6 19. Bxe6 Rxe6 20. Na4 Rd8
21. Nc5 Rg6 22. Rad1 Rxd1 23. Rxd1 f6 24. e6 Kf8 25. Rd8+ Ke7 26. Rd7+ Ke8 27.
Rxc7 Nf5 28. Rxc6 Ne3 29. g3 Rg5 30. Kf2 Nd1+ 31. Ke2 Nb2 32. Ne4 Re5 33. Ke3
Ke7 34. f4 Rxe6 35. Rxe6+ Kxe6 36. Kd2 Kd5 0-1

[Event "Let's Play Chess!"]
[Site "http://www.queenalice.com/game.php?id=100979"]
[Date "2006.8.30"]
[Round "-"]
[White "Puffer"]
[Black "tcorsi"]
[Result "1-0"]
[WhiteElo "1797"]
[BlackElo "1664"]

1. e4 d5 2. exd5 Qxd5 3. d4 Nf6 4. Nc3 Qa5 5. Bc4 Bf5 6. Nf3 c6 7. Bd2 Qc7 8.
Qe2 e6 9. g3 Bd6 10. O-O-O Nbd7 11. h3 O-O-O 12. g4 Bg6 13. Nh4 Bf4 14. Be3 Nd5
15. Nxg6 hxg6 16. Nxd5 exd5 17. Bd3 Rde8 18. Rde1 Qb6 19. Kb1 Re6 20. Qf3 Bxe3
21. fxe3 Rf6 22. Qg3 c5 23. c3 Rd6 24. Rhf1 Rf6 25. g5 Re6 26. Rxf7 1-0

[Event "Let's Play Chess!"]
[Site "http://www.queenalice.com/game.php?id=100987"]
[Date "2006.8.30"]
[Round "-"]
[White "tcorsi"]
[Black "H_Prince"]
[Result "1-0"]
[WhiteElo "1661"]
[BlackElo "1241"]

1. e4 e5 2. Nf3 Nc6 3. d4 exd4 4. Nxd4 Qh4 5. Nc3 Bb4 6. Be2 Bxc3+ 7. bxc3 Qxe4
8. Nb5 Qe5 9. f4 Qf6 10. Nxc7+ Kd8 11. Nxa8 Nh6 12. O-O Re8 13. Bd2 1-0

[Event "AUTO-OPEN-238"]
[Site "http://www.queenalice.com/game.php?id=103349"]
[Date "2006.9.7"]
[Round "2"]
[White "plutochess"]
[Black "tcorsi"]
[Result "1-0"]
[WhiteElo "1797"]
[BlackElo "1675"]

1. e4 c5 2. Nf3 d6 3. Bb5+ Bd7 4. Qe2 a6 5. Bc4 b5 6. Bd5 Bc6 7. Qd3 e6 8. Bxc6+
Nxc6 9. O-O Be7 10. b3 Nf6 11. Bb2 O-O 12. Qe3 Rc8 13. d3 1-0

[Event "AUTO-OPEN-238"]
[Site "http://www.queenalice.com/game.php?id=103350"]
[Date "2006.9.7"]
[Round "2"]
[White "tcorsi"]
[Black "plutochess"]
[Result "0-1"]
[WhiteElo "1609"]
[BlackElo "1745"]

1. e4 c6 2. d4 d5 3. Nc3 dxe4 4. Nxe4 Bf5 5. Ng3 Bg6 6. h4 h6 7. Nf3 f6 8. h5
Bh7 9. Bd3 Na6 10. Bxa6 Qa5+ 11. c3 Qxa6 12. b3 O-O-O 13. Qe2 Bd3 14. Qe6+ Rd7
15. c4 Kd8 16. Qe3 Bh7 17. O-O b5 18. Qe6 Rd6 19. Qf7 Bd3 20. Qxf8+ Kc7 21. Bf4
e5 0-1

[Event "tupiniquim    "]
[Site "http://www.queenalice.com/game.php?id=113610"]
[Date "2006.10.5"]
[Round "-"]
[White "val_si"]
[Black "tcorsi"]
[Result "1-0"]
[WhiteElo "1544"]
[BlackElo "1653"]

1. e4 d5 2. e5 Bf5 3. d4 e6 4. Bb5+ Nd7 5. Bd3 Bxd3 6. Qxd3 c5 7. c3 Qb6 8. Nf3
Ne7 9. b3 Nf5 10. dxc5 Bxc5 11. O-O O-O 12. b4 Be7 13. g4 Nh4 14. Nxh4 Bxh4 15.
Bf4 1-0

[Event "Challenge"]
[Site "http://www.queenalice.com/game.php?id=142258"]
[Date "2006.12.16"]
[Round "-"]
[White "fpferreira"]
[Black "tcorsi"]
[Result "0-1"]
[WhiteElo "1507"]
[BlackElo "1577"]

1. e4 d5 2. e5 Bf5 3. Nc3 e6 4. d4 c5 5. Bb5+ Nc6 6. Nf3 a6 7. Bxc6+ bxc6 8. O-O
Qb6 9. b3 Bg4 10. h3 Bxf3 11. Qxf3 cxd4 12. Na4 Qc7 13. Qd3 Qxe5 14. Nb6 Rb8 15.
Qxa6 Qc7 16. Na4 c5 17. Bd2 Nf6 18. Bg5 Be7 19. Nb2 O-O 20. Nd3 Ne4 21. Bxe7
Qxe7 22. Ne5 Ra8 23. Qe2 Qc7 24. Ng4 Nc3 25. Qe5 Qxe5 26. Nxe5 Rxa2 27. Rxa2
Nxa2 28. Nd7 Rc8 29. Nb6 Rc6 30. Nd7 c4 31. bxc4 Rxc4 32. Ra1 Rxc2 33. Rb1 Rc1+
34. Rxc1 Nxc1 0-1

[Event "Challenge"]
[Site "http://www.queenalice.com/game.php?id=142259"]
[Date "2006.12.16"]
[Round "-"]
[White "tcorsi"]
[Black "fpferreira"]
[Result "1-0"]
[WhiteElo "1598"]
[BlackElo "1420"]

1. e4 e5 2. Nf3 Nc6 3. d4 exd4 4. Nxd4 Nf6 5. Nxc6 dxc6 6. Qxd8+ Kxd8 7. Bg5 h6
8. Bxf6+ gxf6 9. Nc3 c5 10. Bc4 Be6 11. O-O-O+ Bd6 12. Bd3 Bf4+ 13. Kb1 1-0